Intermediate accounting

Gardado en:
Detalles Bibliográficos
Main Authors: Nikolai, Loren A. (Author), Bazley, John D (Author), Schroeder, Richard G (Author), Reynolds, Isaac N (Author)
Formato: Libro
Idioma:inglés
Publicado: Boston Kent Publishing Co 1985
Edición:3a. ed
Subjects:
Tags: Engadir etiqueta
Sen Etiquetas, Sexa o primeiro en etiquetar este rexistro!

MARC

LEADER 00000nam a2200000 a 4500
001 UCQ0302
003 CL-VaPUC
008 980627e19850000US |||||||||||||||||eng|d
082 0 4 |a 657.044  |b NIK  |2 21 
100 |a Nikolai, Loren A.  |e author  |9 413499 
700 0 |a Bazley, John D  |e author  |9 413500 
700 0 |a Schroeder, Richard G  |e author  |9 413501 
700 0 |a Reynolds, Isaac N  |e author  |9 413502 
245 1 0 |a Intermediate accounting 
250 |a 3a. ed 
300 |a 1324 p 
942 |c BK 
945 |d 19980627 00:00:00  |a cmena 
260 |a Boston  |b Kent Publishing Co  |c 1985 
650 0 |a Contabilidad   |9 261430 
650 0 |a Contabilidad de costos   |9 260564 
650 0 |a Costos   |9 261063 
650 0 |a Estados de cuentas  |9 352305 
650 0 |a Interés  |9 336484 
650 0 |a Inversiones  |9 345867 
650 0 |a Administración financiera  |9 261146 
583 |a last modification  |c 19980627 00:00:00  |k Rodrigo Vera 
999 |c 271441  |d 271439 
952 |0 0  |1 0  |4 0  |6 657_044000000000000_NIK_1985  |7 0  |8 P  |9 306093  |a BIBGIM  |b BIBGIM  |d 2019-11-20  |i 1428195  |o 657.044 NIK 1985  |p 1428195  |r 2025-01-15  |w 2019-11-20  |y BK  |k COM